母音が全て同じ市町村 - Statistics

General Stats
  • This quiz has been taken 432 times
    426 since last reset
  • The average score is 47 of 114
Answer Stats
都道府県 母音 Answer % Correct
三重県 津市
76%
佐賀県 アア 佐賀市
69%
山形県 アアアア 山形市
68%
愛知県 アア あま市
66%
長崎県 イイ 壱岐市
64%
石川県 ウウ 珠洲市
63%
石川県 アア 加賀市
63%
福井県 オオオ 大野市
63%
和歌山県 アアアア 和歌山市
62%
山形県 アアア 酒田市
61%
富山県 イイ 氷見市
61%
石川県 アアアア 金沢市
60%
奈良県 アア 奈良市
60%
青森県 ウウ むつ市
59%
福井県 アアア あわら市
59%
兵庫県 オオ 小野市
59%
徳島県 アア 阿波市
58%
福岡県 アア 赤村
58%
鹿児島県 オオ 曽於市
58%
沖縄県 アア 那覇市
58%
島根県 アアア 浜田市
55%
愛媛県 アアアアア 八幡浜市
54%
埼玉県 イイ 志木市
53%
神奈川県 アア 座間市
53%
石川県 オオ 能登町
53%
兵庫県 イイ 三木市
52%
広島県 アア 坂町
52%
茨城県 アア 那珂市
51%
東京都 アア 多摩市
51%
新潟県 アア 阿賀町
51%
山梨県 ウウ 都留市
51%
滋賀県 アアアア 長浜市
50%
長崎県 アア 佐々町
50%
岐阜県 アアアア 高山市
49%
福岡県 アア 嘉麻市
49%
福岡県 アアアア 那珂川市
49%
広島県 | 東京都 ウウウ 府中市
47%
大分県 イイ 日出町
47%
埼玉県 アアア 朝霞市
46%
愛知県 アアアア 高浜市
46%
大分県 ウウ 由布市
46%
大分県 ウウ 玖珠町
46%
福島県 オオ 小野町
45%
福井県 アアア 若狭町
45%
宮崎県 アア 綾町
45%
滋賀県 アア 多賀町
44%
福井県 アアアア 高浜町
43%
香川県 イイ 三木町
43%
熊本県 アアア 玉名市
43%
北海道 アアアア 中川町
42%
岐阜県 アアアア 山県市
42%
広島県 ウウウ 府中町
42%
岩手県 アアア 山田町
41%
鳥取県 アアア 若桜町
41%
島根県 アア 海士町
41%
福岡県 ウウウ 福津市
41%
岩手県 オオオ 遠野市
40%
茨城県 アアア 笠間市
40%
岡山県 イイイ 新見市
40%
栃木県 アアアア 那珂川町
39%
岐阜県 オオオ 大野町
39%
熊本県 アアア 山鹿市
39%
東京都 アアアア 荒川区
38%
兵庫県 アア 多可町
38%
香川県 アアアア 綾川町
38%
福岡県 アアア 中間市
38%
北海道 ウウウ 留寿都村
37%
徳島県 イイイ 石井町
37%
福岡県 アアア 田川市
37%
佐賀県 アア 太良町
37%
栃木県 アア 芳賀町
36%
埼玉県 アアア 狭山市
36%
神奈川県 アアア 葉山町
36%
京都府 アアア 八幡市
36%
徳島県 アア 那賀町
36%
長野県 アア 原村
35%
千葉県 アアアア 鎌ケ谷市
33%
沖縄県 アアア 多良間村
33%
三重県 オオオ 菰野町
32%
福岡県 アアアア 柳川市
32%
群馬県 | 長野県 アアアア 高山村
31%
大阪府 オオオ 豊能町
31%
長崎県 アアアア 川棚町
31%
愛知県 アアア 田原市
30%
北海道 イイ 仁木町
29%
山形県 アアアア 中山町
29%
山梨県 アアアア 早川町
28%
長野県 オオオ 小諸市
28%
山形県 アアアア 高畠町
27%
山梨県 アアアア 丹波山村
26%
高知県 オオオオ 大豊町
26%
北海道 イイイ 利尻町
25%
岩手県 アアア 矢巾町
25%
福島県 アアアア 浅川町
25%
群馬県 アアア 川場村
25%
長野県 アアアア 山形村
25%
高知県 アアア 佐川町
25%
福島県 アアア 楢葉町
24%
福岡県 アアア 香春町
24%
北海道 アアアア 浜中町
23%
福島県 アアアア 玉川村
23%
熊本県 イイイ 錦町
23%
熊本県 アアア 相良村
23%
北海道 オオオオ 豊頃町
21%
奈良県 オオオオ 大淀町
21%
福島県 アアアア 川俣町
19%
長野県 アアアア 中川村
19%
福島県 アアア 塙町
18%
北海道 アア 紗那村
16%
千葉県 アアア 長柄町
14%
北海道 ウウウ 雨竜町
13%
長野県 アアア 長和町
12%
No matching quizzes found
Score Distribution
Percent of People with Each Score
Percentile by Number Answered
Your Score History
You have not taken this quiz since the last reset